El sujeto adánico dislocado : Los “Recuerdos de treinta años (1810-1840)” de José Zapiola /

La práctica autobiográfica de la segunda mitad del siglo XIX en Chile concibe a menudo dentro de sus propósitos el ofrecer un punto de vista contestatario al discurso historiográfico. Esta es precisamente una de las metas que se propone José Zapiola en Recuerdos de treinta años (1810-1840)1. El cará...

Full description

Bibliographic Details
Main Author: Díaz-Cid, César
Format: Libro
Language:Spanish
Published: Santiago, Chile Universidad de Chile 2002
Subjects:
Online Access:Acceso electrónico al documento

MARC

LEADER 00000cam a2200000 a 4500
001 039872
003 UAHC_CL
005 20170803124412.0
008 071212s2002 cl 000 spa
022 |a 00487651 
040 |a UAHC_CL  |c UAHC_CL  |d UAHC_CL 
100 1 |a Díaz-Cid, César 
245 1 3 |a El sujeto adánico dislocado :  |b Los “Recuerdos de treinta años (1810-1840)” de José Zapiola /  |c César Díaz-Cid. 
260 |b Universidad de Chile  |a Santiago, Chile  |c 2002 
300 |a pp.191-207. 
500 |a En: Revista Chilena de Literatura, no. 61, noviembre 2002. p. 191-207. ISSN 00487651. 
520 |a La práctica autobiográfica de la segunda mitad del siglo XIX en Chile concibe a menudo dentro de sus propósitos el ofrecer un punto de vista contestatario al discurso historiográfico. Esta es precisamente una de las metas que se propone José Zapiola en Recuerdos de treinta años (1810-1840)1. El carácter híbrido que poseen los textos autobiográficos, vale decir, su estatuto ambivalente entre lo literario e histórico, es lo que les permite dialogar con múltiples manifestaciones discursivas. Esta es la razón principal por la cual los libros de memorias han sido objeto de una cierta parcialidad cuando se los ha examinado exclusivamente como archivos confiables, especialmente por parte de los historiadores, abandonando de este modo su peculiar codificación autobiográfica. 
650 4 |a CRITICA LITERARIA 
653 |a PEDAGOGIA EN LENGUA CASTELLANA Y COMUNICACION 
856 |u http://www.scielo.cl/scielo.php?script=sci_arttext&pid=S0718-22952006000100002&lng=es&nrm=iso&tlng=es  |3 Acceso electrónico al documento  |y Acceso electrónico al documento 
900 |a REV. CHIL. LIT.-61/02 
942 |c BK 
999 |c 39872  |d 39872